LEADER 01131nam a2200265 i 4500 001 000000001110 003 CaOOAMICUS 005 20240617104011.0 008 180830s1962 xx u000 u und u 040 $aSeMil$bita 110 0 $aIstituto di Studi Romani.$0(OLS)http://semarc/name/966 245 13$aLe piante di Roma /$cIstituto di Studi Romani ; a cura di Amato Pietro Frutaz. 264 1$aRoma :$b[s.n.],$c1962. 300 $a3 v. ;$c38 cm. 500 $aIn preliminari: Esemplare dedicato a Sua Eminenza Reverendissima il Signor Cardinale Giovanni Battista Montini Arcivescovo di Milano. 650 4$aRoma - Cartografia.$0(OLS)http://semarc/subject/55821 650 4$aRoma - Storia.$0(OLS)http://semarc/subject/1163 650 4$aRoma - Topografia.$0(OLS)http://semarc/subject/388 700 1 $aFrutaz, Amato Pietro.$0(OLS)http://semarc/name/967 774 0 $t1: Testo.$w()38384 774 0 $t2: Tavole.$w()213825 774 0 $t3: Tavole.$w()213832 996 $6245$aLe piante di Roma$9(OLS)http://semarc/title/1798 996 $6264$aRoma :$b[s.n.]$9(OLS)http://semarc/publisher/29738 LEADER 01001nam a2200217 i 4500 001 000000195731 003 CaOOAMICUS 005 20101228000000.0 008 101228s1984 it u000 u ita u 013 $a174411 040 $aSeMil$bita 245 13$aLa Dottrina Eucaristica in quattro sermoni di S. Agostino tradotti per il popolo. 260 $a[S.l. :$bs.n.],$cstampa 1984$e(Vigevano (Pv) :$fTip. Nazionale del Cav. Uff. Giuseppe Sai,$gstampa 1984) 300 $a59 p. ;$c24 cm. 500 $aSul verso del front. : 21 giugno 1984, solennità del Corpus Domini. 650 4$aAgostino, Aurelio - Catechesi.$0(OLS)http://semarc/subject/22424 850 $aSeMil 852 $aSeMil$W1$xVenegono$y1$m5B XII 7/11$j146300$B146300$CSeMilBibl$Z2$F157807 $81 961 $aOmaggio: Altro 996 $6245$aLa Dottrina Eucaristica in quattro sermoni di S. Agostino tradotti per il popolo$9(OLS)http://semarc/title/282488 996 $6260$a[S.l. :$bs.n.]$9(OLS)http://semarc/publisher/29751